Análisis comparativo de las principales tecnologías en baterías para autos eléctricos

Збережено в:
Бібліографічні деталі
Автор: Flores Víquez, Luis Alberto
Формат: Книга
Опубліковано: San José, C.R. 1999
Предмети:
Теги: Додати тег
Немає тегів, Будьте першим, хто поставить тег для цього запису!

MARC

LEADER 00000nam a2200000Ia 4500
003 008465
005 20221231144212.0
008 140114s1999 cr a m 000|||s d
040 |c cru CEDI 
090 |a TFG 4114 
100 |a Flores Víquez, Luis Alberto  |9 8383 
245 |a Análisis comparativo de las principales tecnologías en baterías para autos eléctricos  
260 |c 1999  |a  San José, C.R. 
300 |a 72 hojas : ilustraciones algunas a color  
500 |a  Proyecto de graduación (bachillerato en ingeniería eléctrica)--Universidad de Costa Rica. Facultad de Ingeniería. Escuela de Ingeniería Eléctrica 
650 |x BATERIAS ELECTRICAS   |x VEHICULOS ELECTRICOS   |x INNOVACIONES TECNOLOGICAS  |9 8384 
942 |c TFG 
999 |c 18365  |d 18365